Culture Générale - Série 1659 - Statistiques

Statistiques générales
  • Ce quiz a été pris 179 fois
  • Le résultat moyen est 5 sur 10
Statistiques - réponses
Question Réponse % Correct
Quel continent est appelé le "Nouveau Monde" ? Amérique
97%
A quel liquide du corps humain se rapporte le préfixe grec "hémato", de hématologie ? sang
93%
Dans quel pays d'Europe le peintre Johannes Vermeer est-il né ? Pays-Bas
86%
Par quel mot anglais signifiant "aimant" désigne-t-on un petit objet qui décore parfois le réfrigérateur ? magnet
73%
Quel nom, proche de l'argot marseillais "pego", désigne le monde des voleurs, des escrocs, et plus généralement le crime organisé ? pègre
73%
Quel philosophe allemand publia : "Par-delà le bien et le mal", en 1886 ? Friedrich Nietzsche
31%
Joan Fontaine était-elle la soeur de l'actrice Olivia de ... Havilland
29%
Quel prénom basque porte Harinordoquy, le troisième ligne de rugby ? Imanol
24%
Qu'est-ce qui est dit "de combat", lorsqu'il s'agit des dispositions prises rapidement par un navire de guerre, pour être prêt au combat ? branle-bas
19%
En 2005, quel nom des chercheurs sud-coréens ont-ils donné au premier chien cloné du monde ? Snuppy
3%
Aucun quiz correspondant
Distribution des résultats
% des personnes avec chaque résultat
Percentile par nombre de réponses
Votre historique - résultats
Vous n’avez pas pris ce quiz